Marineros que surcan los cielos : (Registro nro. 242731)

Detalles MARC
000 -LEADER
fixed length control field 02259nam a2200505Ii 4500
001 - CONTROL NUMBER
control field DIGPUVAL0224
003 - CONTROL NUMBER IDENTIFIER
control field NyNyDIG
008 - FIXED-LENGTH DATA ELEMENTS--GENERAL INFORMATION
fixed length control field 150801t20072007sp a ob 000 0 spa d
006 - FIXED-LENGTH DATA ELEMENTS--ADDITIONAL MATERIAL CHARACTERISTICS
fixed length control field m o d
007 - PHYSICAL DESCRIPTION FIXED FIELD--GENERAL INFORMATION
fixed length control field cr |||||||||||
035 ## - SYSTEM CONTROL NUMBER
System control number (OCoLC)992001986
040 ## - CATALOGING SOURCE
Original cataloging agency DGITA
Language of cataloging eng
Description conventions rda
-- pn
Transcribing agency DGITA
020 ## - INTERNATIONAL STANDARD BOOK NUMBER
International Standard Book Number 9788437084862
Qualifying information (eBook ;
-- ePub ;
-- pdf)
020 ## - INTERNATIONAL STANDARD BOOK NUMBER
Canceled/invalid ISBN 8437066530
020 ## - INTERNATIONAL STANDARD BOOK NUMBER
Canceled/invalid ISBN 9788437066530
041 1# - LANGUAGE CODE
Language code of text/sound track or separate title spa
Language code of original cat
050 14 - LIBRARY OF CONGRESS CALL NUMBER
Classification number QB980 eBook
100 1# - MAIN ENTRY--PERSONAL NAME
Personal name Martínez, Vicent J.,
Dates associated with a name 1962-
Relator term author.
240 10 - UNIFORM TITLE
Uniform title Mariners que solquen el cel.
Language of a work Spanish
245 10 - TITLE STATEMENT
Title Marineros que surcan los cielos :
Remainder of title la aventura de descubrir el universo /
Statement of responsibility, etc. Vicent J. Martínez ; traducción de Dulcinea Otero-Piñeiro ; revisión de David Galadí-Enríquez ; prólogo de Eduard Salvador.
250 ## - EDITION STATEMENT
Edition statement Edición digital.
264 #1 - PRODUCTION, PUBLICATION, DISTRIBUTION, MANUFACTURE, AND COPYRIGHT NOTICE
Place of production, publication, distribution, manufacture Valencia :
Name of producer, publisher, distributor, manufacturer Publicacions de la Universitat de València :
-- Cátedra de Divulgació de la Ciència,
Date of production, publication, distribution, manufacture, or copyright notice 2007.
264 #4 - PRODUCTION, PUBLICATION, DISTRIBUTION, MANUFACTURE, AND COPYRIGHT NOTICE
Date of production, publication, distribution, manufacture, or copyright notice ©2007
300 ## - PHYSICAL DESCRIPTION
Extent 1 online resource (158 pages) :
Other physical details illustrations.
336 ## - CONTENT TYPE
Content type term text
Content type code txt
Source rdacontent
337 ## - MEDIA TYPE
Media type term computer
Media type code c
Source rdamedia
338 ## - CARRIER TYPE
Carrier type term online resource
Carrier type code cr
Source rdacarrier
490 1# - SERIES STATEMENT
Series statement Sin fronteras
500 ## - GENERAL NOTE
General note "Premio Europeo de Divulgación Científica, Estudi General 2005.
500 ## - GENERAL NOTE
General note Translation of: Mariners que solquen el cel. Valencia: Publicacions de la Universitat de València, 2007.
504 ## - BIBLIOGRAPHY, ETC. NOTE
Bibliography, etc. note Includes bibliographical references (pages 149-150)
588 0# - SOURCE OF DESCRIPTION NOTE
Source of description note Online resource; title from PDF and ePub title page (Digitalia, viewed July 8, 2015)
650 #0 - SUBJECT ADDED ENTRY--TOPICAL TERM
Topical term or geographic name entry element Cosmology.
655 #0 - INDEX TERM--GENRE/FORM
Genre/form data or focus term Electronic books.
700 1# - ADDED ENTRY--PERSONAL NAME
Personal name Otero-Piñeiro, Dulcinea,
Relator term translator.
700 1# - ADDED ENTRY--PERSONAL NAME
Personal name Salvador, Eduard,
Relator term contributor agent of text.
700 1# - ADDED ENTRY--PERSONAL NAME
Personal name Galadí-Enríquez, David,
Relator term editor.
791 2# -
-- Digitalia (Firm),
-- distributor.
793 0# -
-- Digitalia eBook Collection:
-- Universitat de València.
776 08 - ADDITIONAL PHYSICAL FORM ENTRY
Relationship information Print version:
Main entry heading Martínez, Vicent J.
Title Marineros que surcan los cielos.
Place, publisher, and date of publication Valencia : Publicacions de la Universitat de València, 2007.
International Standard Book Number 9788437066530
830 #0 - SERIES ADDED ENTRY--UNIFORM TITLE
Uniform title Sin fronteras (Valencia, Spain)
856 40 - ELECTRONIC LOCATION AND ACCESS
Materials specified Digitalia Hispánica
Uniform Resource Identifier <a href="https://www.digitaliapublishing.com/a/34959/">https://www.digitaliapublishing.com/a/34959/</a>
910 ## - USER-OPTION DATA (OCLC)
User-option data Premium Collection: 2015
942 ## - ADDED ENTRY ELEMENTS (KOHA)
Koha item type Recurso Electrónico
Existencias
Withdrawn status Lost status Damaged status Not for loan Collection Home library Current library Date acquired Total checkouts Date last seen Price effective from Koha item type
        Digitalia Ebooks Hispanica Biblioteca Digital UIN Biblioteca Digital UIN 04/25/2025   04/25/2025 04/25/2025 Recurso Electrónico

CONTACTO


NOSOTROS


SITIOS DE INTERES

coordinacion.biblioteca.biblioteca@unienlinea.mx Misión, Visión y Objetivos Bases de datos
Directorio Bibliotecas Digitales y Repositorios
Normatividad Revistas y artículos
Convenios interbibliotecarios
Boletines



Hecho en México. Universidad Insurgentes (UIN). Todos los derechos reservados 2024. Esta página y sus contenidos pueden ser reproducidos con fines no lucrativos, siempre y cuando no se mutile, se cite la fuente completa y su dirección electrónicas. De otra forma requiere permiso previo por escrito de la institución




2024 Copyright Universidad Insurgentes | www.bibliouin.com.mx